01278nab a22002537a 4500999001500000003000400015005001700019008004100036040001100077100002300088245009800111260007300209300001300282500015400295505019900449505008900648650003300737650001900770650002100789650003500810650001500845773015100860942001301011 c5315d5315OSt20250218124557.0190603e xxum|||| |||| 00| 0 spa d cPJ-TDF 96114aTale, Camilo10aAnatocismo : bcuestiones de interpretación del art. 770 Cód. Civ. y Com. /cCamilo Tale. cCiudad Autónoma de Buenos Aires :aThomson Reuters La Ley, b2024. ap. 42-53 aCita: TR LALEY AR/DOC/1985/2024. Publicado en: R.C.C. y C. 2024 (Septiembre-Octubre). EDICIÓN ESPECIAL: XXIX Jornadas Nacionales de Derecho Civil. aSumario: I. Introducción.— II. Algunas cuestiones relativas al inc. a).— III. Algunas cuestiones de interpretación del inc. b).— IV. Algunas cuestiones de interpretación del inc. c). t¿Te interesa el texto completo? Solicitalo al correo: koha@justierradelfuego.gov.ar 092597aDEFENSA DEL CONSUMIDOR 09533aINTERESES 096365aANATOCISMO 091497aCODIGO CIVIL Y COMERCIAL 092725aMORA0 0271393170dCiudad Autónoma de Buenos Aires : Thomson Reuters La Ley, 2015-tRevista Código Civil y Comercial. Nº 5 - Septiembre-Octubre 2024 2udccANA